Environmental education as a factor in building peace : a case study of Ndola and Lufwanyama districts on the Copperbelt province (Record no. 62734)

MARC details
000 -LEADER
fixed length control field 00998nam a2200205 a 4500
008 - FIXED-LENGTH DATA ELEMENTS--GENERAL INFORMATION
fixed length control field 210607s2013 ||||||||||||||||| || u
050 ## - LIBRARY OF CONGRESS CALL NUMBER
Classification number CBU-PG THESIS/KUN
100 ## - MAIN ENTRY--PERSONAL NAME
Personal name Kunda, Safike Samuel
245 10 - TITLE STATEMENT
Title Environmental education as a factor in building peace : a case study of Ndola and Lufwanyama districts on the Copperbelt province
Statement of responsibility, etc. By Safike Samuel Kunda
260 ## - PUBLICATION, DISTRIBUTION, ETC.
Place of publication, distribution, etc. Kitwe
Name of publisher, distributor, etc. Copperbelt University
Date of publication, distribution, etc. 2013
300 ## - PHYSICAL DESCRIPTION
Extent xii, 51 pages [various pages] : illustrations
500 ## - GENERAL NOTE
General note Includes references
650 ## - SUBJECT ADDED ENTRY--TOPICAL TERM
Topical term or geographic name entry element PEACE EDUCATION--STUDY AND TEACHING
650 ## - SUBJECT ADDED ENTRY--TOPICAL TERM
Topical term or geographic name entry element PEACE EDUCATION
650 #0 - SUBJECT ADDED ENTRY--TOPICAL TERM
Topical term or geographic name entry element HUMAN GEOGRAPHY
650 ## - SUBJECT ADDED ENTRY--TOPICAL TERM
Topical term or geographic name entry element SUSTAINABLE DEVELOPMENT--CASE STUDIES
650 ## - SUBJECT ADDED ENTRY--TOPICAL TERM
Topical term or geographic name entry element ENVIRONMENTAL EDUCATION
995 ## -
-- SPECIAL COLLECTIONS
-- 4470
-- CBU-MAIN LIBRARY (Kitwe)
-- CBU-PG THESIS/KUN
-- 1
-- AVAILABLE
-- Jun 7, 2021
-- B4470
-- University Collection
995 ## -
-- SPECIAL COLLECTIONS
-- 4484
-- CBU-MAIN LIBRARY (Kitwe)
-- CBU-PG THESIS/KUN
-- 2
-- AVAILABLE
-- Jun 8, 2021
-- B4484
-- University Collection
999 ## -
-- 62734
-- 62734
Holdings
Withdrawn status Lost status Source of classification or shelving scheme Damaged status Not for loan Permanent Location Current Location Shelving location Date acquired Total Checkouts Full call number Barcode Date last seen Price effective from Koha item type
          CBU-MAIN LIBRARY, KITWE. CBU-MAIN LIBRARY, KITWE.   12/16/2022   CBU-PG THESIS/KUN B4470 12/16/2022 12/16/2022 MONOGRAPH
          CBU-MAIN LIBRARY, KITWE. CBU-MAIN LIBRARY, KITWE.   12/16/2022   CBU-PG THESIS/KUN B4484 12/16/2022 12/16/2022 MONOGRAPH